000 00656nam a2200241Ia 4500
003 OSt
005 20220924122353.0
006 a|||||r|||| 00| 0
007 ta
008 220923b |||||||| |||| 00| 0 urd d
020 _c125
024 _a311422
037 _cTextual
040 _aARTS
_cARTS
_burd
041 _2urd
_aurd
082 _aO168,1:gw44Q7,N5, M9
100 _aNiyazi Mohammad Ajmal
_9189277
245 0 _aBazgasht
260 _aLahore
_bSang-e-Pulications Pakistan
_c1989
650 _aURDU POETRY
942 _hO168,1:gw44Q7,N5, M9
_cTEXL
_2CC
999 _c411371
_d411371